000 00409nam a22001697a 4500
003 NUST - PNEC
005 20170116181132.0
008 151006b xxu||||| |||| 00| 0 eng d
040 _cLIBRARY
082 _a623.82 EYR
100 _914052
_a Eyres, David J.
245 _aShip construction
_cDavid J. Eyres
250 _a2nd ed
260 _c1978
650 _99405
_aShipbuilding
_xME
942 _2ddc
_cBK
999 _c70041
_d70041